Kým uvijú žatevný veniec Tohtoročné sucho robí problémy aj poľnohospodárom v Jamníku

Bibliographic Details
Main Author: Sviteková, Angela (Author)
Corporate Author: Poľnohospodárske družstvo, Jamník (Author)
Format: Article
Language:Slovak
PhysicalDescription:2 foto
Subjects:

MARC

LEADER 00000nab a2200000 a 4500
001 vtls001015214
003 SK-MaSNL
005 20260303042636.0
008 040720e19940802xo 0 slo
035 |a SN1167 
040 |a SNSK  |b slo  |c SNSK  |e AACR2 
041 0 |a slo 
044 |a xo  |c SK 
080 |a 631.55  |2 1981 
100 1 |a Sviteková, Angela  |4 aut  |9 841455 
245 1 0 |a Kým uvijú žatevný veniec  |b Tohtoročné sucho robí problémy aj poľnohospodárom v Jamníku 
300 |b 2 foto 
610 2 7 |a Poľnohospodárske družstvo, Jamník  |2 SNSK  |9 1021566 
650 0 7 |a žatva  |2 SNSK  |9 54484 
651 7 |a Jamník (Spišská Nová Ves, Slovensko)  |2 SNSK  |9 163353 
651 7 |a SN,  |2 SNSK  |9 1021277 
655 7 |a periodikum  |2 snkbucl  |9 29553 
710 2 |a Poľnohospodárske družstvo, Jamník  |4 aut  |9 1021566 
773 0 8 |t Nové Spišské hlasy  |g Roč. 4, č.31, 2.8.1994, s. 1,3 
852 |a ZVYKNI  |b KIS3GCP 
999 |c 1693021  |d 1694951